History of France - Expert Mode - Statistics

General Stats
  • This quiz has been taken 1,786 times
  • The average score is 11 of 20
Answer Stats
Hint Answer % Correct
Supersonic passenger jet built by France and the United Kingdom Concorde
86%
Term for France's golden age from 1871–1914 {Belle} Époque
81%
Name of Napoleon's first wife Josephine
74%
Knightly order suppressed in 1307, with many of its members burned at the stake Knights {Templar}
74%
What the French built in Egypt from 1858–1869 Suez Canal
74%
1916 battle which cost the lives of 163,000 French soldiers, the deadliest in French military history Verdun
73%
City established as a fur trading post by Samuel de Champlain in 1611 Montreal
71%
Royal dynasty which Louis XIV was part of Bourbon
70%
Who Bernadette of Lourdes reported seeing in a grotto in 1858 Virgin Mary
66%
Language spoken in Marseille when it was founded around 600 BC Greek
64%
Revolutionary government established in Paris for two months in 1871 Paris {Commune}
57%
Edict signed by Henry IV in 1598 that granted toleration to Protestants Edict of {Nantes}
50%
Father of Charlemagne {Pepin} the Short
47%
Often considered the greatest playwright in French history, notable works include "The Misanthrope" and "Tartuffe" Molière
42%
Gallic military commander who was defeated by Caesar, then paraded in chains at Caesar's triumph In 46 BC Vercingetorix
41%
Commander who halted the Muslim advance into Europe at the Battle of Tours in 732 AD Charles {Martel}
40%
The first king to unite the Frankish tribes Clovis
40%
Monk who made important contributions to wine from the Champagne region (but did not invent sparkling wine) Dom Pérignon
35%
The oldest surviving work of French literature, written around 1040 AD The Song of {Roland}
28%
During the 1800s, this annual event was the center of the art world Paris {Salon}
20%
No matching quizzes found
Score Distribution
Percent of People with Each Score
Percentile by Number Answered
Your Score History
You have not taken this quiz